[Event "Deutscher Mix-Teampokal U12 2025"]
[Site "Bad Homburg GER"]
[Date "2025.07.19"]
[Round "2"]
[White "Feuchtinger, Leopold"]
[Black "Du, Vivian"]
[Result "1-0"]
[Termination "normal"]
[Board "5.2"]
[WhiteElo "1176"]
[BlackElo "1412"]
[WhiteClock "00:40:55"]
[BlackClock "00:21:12"]
[WhiteTeam "SC Garching 1980"]
[BlackTeam "SchVgg Blankenese 1923"]
[PlyCount "79"]
[WhiteFideId "533027617"]
[BlackFideId "533025924"]
[EventCountry "GER"]
[EventRounds "5"]
[EventType "team-swiss"]
[EventDate "2025.07.18"]

1. e4 {[%clk 00:55:04]} {[%emt 00:00:04]} e5 {[%clk 00:55:02]} {[%emt
00:00:09]} 2. Nf3 {[%clk 00:55:02]} {[%emt 00:00:06]} Nc6 {[%clk 00:55:00]}
{[%emt 00:00:07]} 3. Bc4 {[%clk 00:55:01]} {[%emt 00:00:06]} Bc5 {[%clk
00:54:54]} {[%emt 00:00:12]} 4. Nc3 {[%clk 00:54:55]} {[%emt 00:00:11]} d6
{[%clk 00:54:43]} {[%emt 00:00:16]} 5. h3 {[%clk 00:54:46]} {[%emt 00:00:14]}
Nf6 {[%clk 00:54:07]} {[%emt 00:00:41]} 6. d3 {[%clk 00:54:39]} {[%emt
00:00:12]} Qe7 {[%clk 00:52:49]} {[%emt 00:01:24]} 7. Bg5 {[%clk 00:54:34]}
{[%emt 00:00:09]} Be6 {[%clk 00:51:57]} {[%emt 00:00:57]} 8. Bb3 {[%clk
00:54:05]} {[%emt 00:00:33]} h6 {[%clk 00:50:47]} {[%emt 00:01:16]} 9. Bh4
{[%clk 00:54:02]} {[%emt 00:00:07]} g5 {[%clk 00:49:57]} {[%emt 00:00:56]} 10.
Bg3 {[%clk 00:53:41]} {[%emt 00:00:26]} g4 {[%clk 00:46:18]} {[%emt 00:03:44]}
11. hxg4 {[%clk 00:53:26]} {[%emt 00:00:20]} Bxg4 {[%clk 00:46:08]} {[%emt
00:00:15]} 12. Ba4 {[%clk 00:53:01]} {[%emt 00:00:30]} a6 {[%clk 00:42:28]}
{[%emt 00:03:46]} 13. Bxc6+ {[%clk 00:52:57]} {[%emt 00:00:08]} bxc6 {[%clk
00:42:26]} {[%emt 00:00:07]} 14. Bh4 {[%clk 00:52:06]} {[%emt 00:00:55]} Qe6
{[%clk 00:40:46]} {[%emt 00:01:46]} 15. Na4 {[%clk 00:50:47]} {[%emt 00:01:24]}
Nd7 {[%clk 00:39:37]} {[%emt 00:01:15]} 16. c4 {[%clk 00:50:33]} {[%emt
00:00:17]} d5 {[%clk 00:37:26]} {[%emt 00:02:18]} 17. cxd5 {[%clk 00:48:58]}
{[%emt 00:01:38]} cxd5 {[%clk 00:37:22]} {[%emt 00:00:10]} 18. Rc1 {[%clk
00:48:29]} {[%emt 00:00:31]} Bb4+ {[%clk 00:36:24]} {[%emt 00:01:06]} 19. Nc3
{[%clk 00:48:19]} {[%emt 00:00:13]} d4 {[%clk 00:34:52]} {[%emt 00:01:38]} 20.
a3 {[%clk 00:48:13]} {[%emt 00:00:12]} dxc3 {[%clk 00:34:00]} {[%emt 00:00:57]}
21. axb4 {[%clk 00:47:55]} {[%emt 00:00:22]} cxb2 {[%clk 00:32:45]} {[%emt
00:01:21]} 22. Rb1 {[%clk 00:47:50]} {[%emt 00:00:09]} Qa2 {[%clk 00:32:01]}
{[%emt 00:00:49]} 23. Qc2 {[%clk 00:47:35]} {[%emt 00:00:19]} Rb8 {[%clk
00:29:26]} {[%emt 00:02:41]} 24. Qxb2 {[%clk 00:47:26]} {[%emt 00:00:14]} Qxb2
{[%clk 00:29:21]} {[%emt 00:00:11]} 25. Rxb2 {[%clk 00:47:24]} {[%emt
00:00:05]} a5 {[%clk 00:28:54]} {[%emt 00:00:33]} 26. Nd2 {[%clk 00:46:23]}
{[%emt 00:01:06]} axb4 {[%clk 00:28:30]} {[%emt 00:00:30]} 27. f3 {[%clk
00:46:15]} {[%emt 00:00:12]} Be6 {[%clk 00:28:21]} {[%emt 00:00:15]} 28. Ke2
{[%clk 00:45:13]} {[%emt 00:01:07]} Rg8 {[%clk 00:27:09]} {[%emt 00:01:15]} 29.
g4 {[%clk 00:44:40]} {[%emt 00:00:39]} Nc5 {[%clk 00:26:25]} {[%emt 00:00:50]}
30. Ra1 {[%clk 00:43:48]} {[%emt 00:00:55]} Kd7 {[%clk 00:25:42]} {[%emt
00:00:51]} 31. Bf2 {[%clk 00:43:39]} {[%emt 00:00:12]} Kc6 {[%clk 00:24:39]}
{[%emt 00:01:09]} 32. Rc1 {[%clk 00:43:18]} {[%emt 00:00:26]} Rb5 {[%clk
00:24:15]} {[%emt 00:00:28]} 33. Rbc2 {[%clk 00:42:29]} {[%emt 00:00:55]} b3
{[%clk 00:23:27]} {[%emt 00:00:53]} 34. Rxc5+ {[%clk 00:42:14]} {[%emt
00:00:19]} Rxc5 {[%clk 00:23:25]} {[%emt 00:00:08]} 35. Rxc5+ {[%clk 00:42:11]}
{[%emt 00:00:08]} Kd6 {[%clk 00:23:15]} {[%emt 00:00:15]} 36. Nc4+ {[%clk
00:41:53]} {[%emt 00:00:23]} Bxc4 {[%clk 00:22:59]} {[%emt 00:00:21]} 37. Rxc4
{[%clk 00:41:07]} {[%emt 00:00:50]} Rb8 {[%clk 00:22:53]} {[%emt 00:00:12]} 38.
Rc1 {[%clk 00:41:06]} {[%emt 00:00:06]} b2 {[%clk 00:22:05]} {[%emt 00:00:53]}
39. Rb1 {[%clk 00:41:02]} {[%emt 00:00:08]} c5 {[%clk 00:21:12]} {[%emt
00:00:58]} 40. Kd2 {[%clk 00:40:55]} {[%emt 00:00:12]} 1-0

[Event "Deutscher Mix-Teampokal U12 2025"]
[Site "Bad Homburg GER"]
[Date "2025.07.19"]
[Round "2"]
[White "He, Siqi"]
[Black "Lörinci, Emma"]
[Result "0-1"]
[Termination "normal"]
[Board "5.3"]
[WhiteElo "1045"]
[BlackElo "1087"]
[WhiteClock "00:32:46"]
[BlackClock "00:40:50"]
[WhiteTeam "SchVgg Blankenese 1923"]
[BlackTeam "SC Garching 1980"]
[PlyCount "126"]
[WhiteFideId "34682708"]
[BlackFideId "34639764"]
[EventCountry "GER"]
[EventRounds "5"]
[EventType "team-swiss"]
[EventDate "2025.07.18"]

1. e4 {[%clk 00:55:07]} {[%emt 00:00:03]} e6 {[%clk 00:55:06]} {[%emt
00:00:05]} 2. d4 {[%clk 00:54:58]} {[%emt 00:00:13]} d5 {[%clk 00:55:07]}
{[%emt 00:00:04]} 3. e5 {[%clk 00:54:47]} {[%emt 00:00:17]} c5 {[%clk
00:55:06]} {[%emt 00:00:06]} 4. c4 {[%clk 00:54:10]} {[%emt 00:00:40]} dxc4
{[%clk 00:54:46]} {[%emt 00:00:26]} 5. dxc5 {[%clk 00:53:48]} {[%emt 00:00:27]}
Qa5+ {[%clk 00:54:41]} {[%emt 00:00:10]} 6. Nd2 {[%clk 00:53:18]} {[%emt
00:00:34]} Qxc5 {[%clk 00:54:39]} {[%emt 00:00:07]} 7. Ngf3 {[%clk 00:53:09]}
{[%emt 00:00:15]} b5 {[%clk 00:54:17]} {[%emt 00:00:27]} 8. b3 {[%clk
00:52:46]} {[%emt 00:00:29]} cxb3 {[%clk 00:54:09]} {[%emt 00:00:13]} 9. Nxb3
{[%clk 00:52:28]} {[%emt 00:00:22]} Qb6 {[%clk 00:53:43]} {[%emt 00:00:31]} 10.
Qe2 {[%clk 00:51:58]} {[%emt 00:00:31]} Bc5 {[%clk 00:53:22]} {[%emt 00:00:27]}
11. Nxc5 {[%clk 00:51:47]} {[%emt 00:00:19]} Qxc5 {[%clk 00:53:19]} {[%emt
00:00:08]} 12. Qxb5+ {[%clk 00:51:45]} {[%emt 00:00:07]} Qxb5 {[%clk 00:53:15]}
{[%emt 00:00:09]} 13. Bxb5+ {[%clk 00:51:41]} {[%emt 00:00:09]} Bd7 {[%clk
00:53:10]} {[%emt 00:00:10]} 14. Bd3 {[%clk 00:51:24]} {[%emt 00:00:21]} h6
{[%clk 00:52:58]} {[%emt 00:00:19]} 15. Be4 {[%clk 00:50:53]} {[%emt 00:00:35]}
Nc6 {[%clk 00:52:50]} {[%emt 00:00:13]} 16. Nd2 {[%clk 00:46:59]} {[%emt
00:03:59]} Nge7 {[%clk 00:52:47]} {[%emt 00:00:08]} 17. Ba3 {[%clk 00:46:47]}
{[%emt 00:00:17]} Rc8 {[%clk 00:52:27]} {[%emt 00:00:17]} 18. Bxc6 {[%emt
00:00:23]} Bxc6 {[%emt 00:00:17]} 19. f3 {[%clk 00:45:58]} {[%emt 00:00:23]}
Bb5 {[%clk 00:52:14]} {[%emt 00:00:16]} 20. Rb1 {[%clk 00:45:43]} {[%emt
00:00:19]} Ba6 {[%clk 00:52:06]} {[%emt 00:00:15]} 21. Ne4 {[%clk 00:45:24]}
{[%emt 00:00:24]} Rc7 {[%clk 00:51:29]} {[%emt 00:00:38]} 22. Rb8+ {[%clk
00:45:06]} {[%emt 00:00:27]} Nc8 {[%clk 00:51:21]} {[%emt 00:00:13]} 23. Kf2
{[%clk 00:44:38]} {[%emt 00:00:34]} Kd7 {[%clk 00:50:03]} {[%emt 00:01:23]} 24.
Rd1+ {[%clk 00:44:35]} {[%emt 00:00:08]} Kc6 {[%clk 00:49:48]} {[%emt
00:00:20]} 25. Bd6 {[%clk 00:44:01]} {[%emt 00:00:36]} Nxd6 {[%clk 00:49:22]}
{[%emt 00:00:33]} 26. Rxh8 {[%clk 00:43:58]} {[%emt 00:00:08]} Nxe4+ {[%clk
00:49:10]} {[%emt 00:00:17]} 27. fxe4 {[%clk 00:43:58]} {[%emt 00:00:05]} Kb6
{[%clk 00:48:52]} {[%emt 00:00:23]} 28. Rb1+ {[%clk 00:43:48]} {[%emt
00:00:15]} Ka5 {[%clk 00:48:33]} {[%emt 00:00:18]} 29. Rh7 {[%clk 00:43:41]}
{[%emt 00:00:18]} Rc2+ {[%clk 00:48:09]} {[%emt 00:00:29]} 30. Kg3 {[%clk
00:43:32]} {[%emt 00:00:12]} Rxa2 {[%clk 00:47:47]} {[%emt 00:00:29]} 31. Rxg7
{[%clk 00:43:31]} {[%emt 00:00:06]} Ra3+ {[%clk 00:47:44]} {[%emt 00:00:09]}
32. Kf4 {[%clk 00:43:30]} {[%emt 00:00:07]} Ra2 {[%clk 00:47:31]} {[%emt
00:00:17]} 33. Rxf7 {[%clk 00:43:24]} {[%emt 00:00:11]} Rf2+ {[%clk 00:47:31]}
{[%emt 00:00:06]} 34. Kg4 {[%clk 00:42:25]} {[%emt 00:01:04]} Be2+ {[%clk
00:47:08]} {[%emt 00:00:28]} 35. Kh4 {[%clk 00:42:00]} {[%emt 00:00:29]} Rxf7
{[%clk 00:47:04]} {[%emt 00:00:09]} 36. Ra1+ {[%clk 00:41:50]} {[%emt
00:00:17]} Kb6 {[%clk 00:47:01]} {[%emt 00:00:07]} 37. Rb1+ {[%clk 00:41:31]}
{[%emt 00:00:24]} Kc5 {[%clk 00:46:47]} {[%emt 00:00:09]} 38. Rc1+ {[%emt
00:00:47]} Kd4 {[%emt 00:00:11]} 39. Rc6 {[%clk 00:40:31]} {[%emt 00:00:16]}
Kxe5 {[%clk 00:46:26]} {[%emt 00:00:27]} 40. Rc2 {[%clk 00:39:51]} {[%emt
00:00:45]} Rf4+ {[%clk 00:45:55]} {[%emt 00:00:36]} 41. Kg3 {[%clk 00:39:42]}
{[%emt 00:00:15]} Rxe4 {[%clk 00:45:40]} {[%emt 00:00:20]} 42. Kf2 {[%clk
00:39:35]} {[%emt 00:00:09]} Bd3 {[%clk 00:45:02]} {[%emt 00:00:42]} 43. Rc5+
{[%clk 00:39:23]} {[%emt 00:00:20]} Kd6 {[%clk 00:44:35]} {[%emt 00:00:32]} 44.
Rh5 {[%clk 00:39:09]} {[%emt 00:00:19]} Re5 {[%clk 00:44:06]} {[%emt 00:00:35]}
45. Rxh6 {[%clk 00:39:02]} {[%emt 00:00:11]} a5 {[%clk 00:43:53]} {[%emt
00:00:12]} 46. Rh4 {[%clk 00:38:50]} {[%emt 00:00:24]} Bc2 {[%clk 00:43:44]}
{[%emt 00:00:12]} 47. Rd4+ {[%clk 00:38:36]} {[%emt 00:00:20]} Rd5 {[%clk
00:43:39]} {[%emt 00:00:10]} 48. Ke3 {[%clk 00:37:41]} {[%emt 00:00:58]} a4
{[%clk 00:43:27]} {[%emt 00:00:18]} 49. Rd2 {[%clk 00:37:18]} {[%emt 00:00:29]}
Bb3 {[%clk 00:43:08]} {[%emt 00:00:18]} 50. Rf2 {[%clk 00:36:08]} {[%emt
00:01:18]} a3 {[%clk 00:43:07]} {[%emt 00:00:09]} 51. Rf1 {[%clk 00:36:06]}
{[%emt 00:00:08]} Rd1 {[%clk 00:43:07]} {[%emt 00:00:05]} 52. Rf8 {[%clk
00:35:12]} {[%emt 00:00:58]} a2 {[%emt 00:02:09]} 53. Ra8 {[%clk 00:33:48]}
{[%emt 00:00:05]} a1=Q {[%clk 00:42:24]} {[%emt 00:00:08]} 54. Rxa1 {[%clk
00:33:50]} {[%emt 00:00:03]} Rxa1 {[%clk 00:42:23]} {[%emt 00:00:07]} 55. h4
{[%clk 00:33:47]} {[%emt 00:00:06]} Rg1 {[%clk 00:41:27]} {[%emt 00:01:03]} 56.
g3 {[%clk 00:33:38]} {[%emt 00:00:14]} Rxg3+ {[%clk 00:41:26]} {[%emt
00:00:05]} 57. Kf4 {[%clk 00:33:31]} {[%emt 00:00:12]} Rh3 {[%clk 00:41:20]}
{[%emt 00:00:11]} 58. Kg4 {[%clk 00:33:33]} {[%emt 00:00:04]} Rh1 {[%clk
00:41:03]} {[%emt 00:00:22]} 59. Kg5 {[%clk 00:33:25]} {[%emt 00:00:12]} e5
{[%clk 00:41:01]} {[%emt 00:00:07]} 60. h5 {[%clk 00:33:00]} {[%emt 00:00:30]}
e4 {[%clk 00:40:54]} {[%emt 00:00:13]} 61. Kg6 {[%clk 00:32:57]} {[%emt
00:00:08]} e3 {[%clk 00:40:52]} {[%emt 00:00:06]} 62. h6 {[%clk 00:32:51]}
{[%emt 00:00:12]} Rxh6 {[%clk 00:40:50]} {[%emt 00:00:07]} 63. Kxh6 {[%clk
00:32:46]} {[%emt 00:00:10]} e2 {[%clk 00:40:50]} {[%emt 00:00:04]} 0-1

[Event "Deutscher Mix-Teampokal U12 2025"]
[Site "Bad Homburg GER"]
[Date "2025.07.19"]
[Round "2"]
[White "Dratwa, Maximilian"]
[Black "Sengupta, Arjun"]
[Result "1-0"]
[Termination "normal"]
[Board "5.4"]
[WhiteElo "1011"]
[BlackElo "1017"]
[WhiteClock "00:48:15"]
[BlackClock "00:48:22"]
[WhiteTeam "SC Garching 1980"]
[BlackTeam "SchVgg Blankenese 1923"]
[PlyCount "55"]
[WhiteFideId "533026289"]
[BlackFideId "34699937"]
[EventCountry "GER"]
[EventRounds "5"]
[EventType "team-swiss"]
[EventDate "2025.07.18"]

1. e4 {[%clk 00:55:09]} e5 {[%clk 00:55:05]} {[%emt 00:00:06]} 2. Nf3 {[%clk
00:55:11]} {[%emt 00:00:03]} Nc6 {[%clk 00:55:06]} {[%emt 00:00:04]} 3. d4
{[%clk 00:55:04]} {[%emt 00:00:12]} exd4 {[%clk 00:55:06]} {[%emt 00:00:05]} 4.
Nxd4 {[%clk 00:55:03]} {[%emt 00:00:06]} Nf6 {[%clk 00:55:07]} {[%emt
00:00:03]} 5. Nc3 {[%clk 00:55:03]} {[%emt 00:00:06]} Bc5 {[%clk 00:54:49]}
{[%emt 00:00:24]} 6. Be3 {[%clk 00:54:59]} {[%emt 00:00:08]} d5 {[%clk
00:54:40]} {[%emt 00:00:14]} 7. Nxc6 {[%clk 00:54:44]} {[%emt 00:00:19]} bxc6
{[%clk 00:54:35]} {[%emt 00:00:12]} 8. Bxc5 {[%clk 00:54:42]} {[%emt 00:00:06]}
dxe4 {[%clk 00:53:24]} {[%emt 00:01:16]} 9. Qxd8+ {[%clk 00:54:37]} {[%emt
00:00:10]} Kxd8 {[%clk 00:53:21]} {[%emt 00:00:08]} 10. O-O-O+ {[%clk
00:54:34]} {[%emt 00:00:08]} Bd7 {[%clk 00:53:06]} {[%emt 00:00:20]} 11. f3
{[%clk 00:54:12]} {[%emt 00:00:27]} Re8 {[%clk 00:52:50]} {[%emt 00:00:20]} 12.
Bc4 {[%clk 00:53:26]} {[%emt 00:00:49]} Re5 {[%clk 00:52:33]} {[%emt 00:00:21]}
13. Bd4 {[%clk 00:53:11]} {[%emt 00:00:23]} Ra5 {[%clk 00:52:18]} {[%emt
00:00:16]} 14. Bxf7 {[%clk 00:53:00]} {[%emt 00:00:21]} exf3 {[%clk 00:52:04]}
{[%emt 00:00:19]} 15. gxf3 {[%clk 00:52:43]} {[%emt 00:00:21]} c5 {[%clk
00:51:54]} {[%emt 00:00:16]} 16. Be5 {[%clk 00:52:13]} {[%emt 00:00:35]} c4
{[%clk 00:51:39]} {[%emt 00:00:19]} 17. Bxc4 {[%clk 00:52:09]} {[%emt
00:00:10]} Rxe5 {[%clk 00:51:15]} {[%emt 00:00:28]} 18. Bb5 {[%clk 00:51:53]}
{[%emt 00:00:22]} c6 {[%clk 00:50:56]} {[%emt 00:00:24]} 19. Bxc6 {[%clk
00:51:36]} {[%emt 00:00:19]} Rc8 {[%clk 00:50:47]} {[%emt 00:00:15]} 20. Ba4
{[%clk 00:50:55]} {[%emt 00:00:48]} Ke8 {[%clk 00:50:17]} {[%emt 00:00:35]} 21.
Bb3 {[%clk 00:50:34]} {[%emt 00:00:22]} Bc6 {[%clk 00:49:42]} {[%emt 00:00:43]}
22. Rhe1 {[%clk 00:49:28]} {[%emt 00:01:11]} Rxe1 {[%clk 00:49:20]} {[%emt
00:00:28]} 23. Rxe1+ {[%clk 00:49:27]} {[%emt 00:00:06]} Kd7 {[%clk 00:49:21]}
{[%emt 00:00:04]} 24. Be6+ {[%clk 00:49:17]} {[%emt 00:00:15]} Kc7 {[%clk
00:48:49]} {[%emt 00:00:37]} 25. Bxc8 {[%clk 00:49:08]} {[%emt 00:00:14]} Kxc8
{[%clk 00:48:50]} {[%emt 00:00:04]} 26. f4 {[%clk 00:48:41]} {[%emt 00:00:31]}
Ng4 {[%clk 00:48:30]} {[%emt 00:00:26]} 27. Rg1 {[%clk 00:48:17]} {[%emt
00:00:28]} Nxh2 {[%clk 00:48:22]} {[%emt 00:00:15]} 28. Rxg7 {[%clk 00:48:15]}
{[%emt 00:00:07]} 1-0

[Event "Deutscher Mix-Teampokal U12 2025"]
[Site "Bad Homburg GER"]
[Date "2025.07.19"]
[Round "3"]
[White "Bayer, Klara"]
[Black "Kaza, Charith"]
[Result "1-0"]
[Termination "normal"]
[Board "1.1"]
[WhiteElo "1741"]
[BlackElo "1769"]
[WhiteClock "00:03:25"]
[BlackClock "00:13:35"]
[WhiteTeam "SC Zitadelle Spandau 1977"]
[BlackTeam "SC Noris-Tarrasch Nürnberg 1873"]
[PlyCount "139"]
[WhiteFideId "34658955"]
[BlackFideId "34686967"]
[EventCountry "GER"]
[EventRounds "5"]
[EventType "team-swiss"]
[EventDate "2025.07.18"]

1. c4 {[%clk 00:55:08]} e6 {[%clk 00:55:07]} {[%emt 00:00:03]} 2. g3 {[%clk
00:55:07]} {[%emt 00:00:07]} d5 {[%clk 00:55:07]} {[%emt 00:00:05]} 3. Bg2
{[%clk 00:54:54]} {[%emt 00:00:19]} Nf6 {[%clk 00:55:00]} {[%emt 00:00:11]} 4.
Nc3 {[%clk 00:54:31]} {[%emt 00:00:28]} c6 {[%clk 00:54:58]} {[%emt 00:00:07]}
5. b3 {[%clk 00:53:18]} {[%emt 00:01:18]} Be7 {[%clk 00:54:51]} {[%emt
00:00:12]} 6. d3 {[%clk 00:53:12]} {[%emt 00:00:11]} O-O {[%clk 00:54:43]}
{[%emt 00:00:13]} 7. Bb2 {[%clk 00:52:23]} {[%emt 00:00:54]} b6 {[%clk
00:53:26]} {[%emt 00:01:22]} 8. e3 {[%clk 00:51:52]} {[%emt 00:00:36]} Bb7
{[%clk 00:53:07]} {[%emt 00:00:24]} 9. Nge2 {[%clk 00:51:24]} {[%emt 00:00:34]}
Qc7 {[%clk 00:52:32]} {[%emt 00:00:40]} 10. O-O {[%clk 00:51:16]} {[%emt
00:00:12]} Nbd7 {[%clk 00:52:33]} {[%emt 00:00:04]} 11. Rc1 {[%clk 00:50:43]}
{[%emt 00:00:38]} Qd6 {[%clk 00:50:20]} {[%emt 00:02:18]} 12. Qc2 {[%clk
00:47:03]} {[%emt 00:03:45]} Rac8 {[%clk 00:50:05]} {[%emt 00:00:19]} 13. Rfd1
{[%clk 00:46:39]} {[%emt 00:00:30]} Rfd8 {[%clk 00:49:23]} {[%emt 00:00:47]}
14. Qb1 {[%clk 00:38:45]} {[%emt 00:07:58]} Qb8 {[%clk 00:49:20]} {[%emt
00:00:08]} 15. Rd2 {[%clk 00:30:59]} {[%emt 00:07:51]} c5 {[%clk 00:48:49]}
{[%emt 00:00:37]} 16. Nb5 {[%clk 00:25:06]} {[%emt 00:05:58]} a6 {[%clk
00:48:00]} {[%emt 00:00:55]} 17. Na3 {[%clk 00:24:15]} {[%emt 00:00:55]} Ne8
{[%clk 00:44:22]} {[%emt 00:03:43]} 18. d4 {[%clk 00:21:45]} {[%emt 00:02:35]}
Ndf6 {[%clk 00:37:16]} {[%emt 00:07:11]} 19. dxc5 {[%clk 00:15:49]} {[%emt
00:06:02]} Bxc5 {[%clk 00:36:45]} {[%emt 00:00:35]} 20. cxd5 {[%clk 00:12:11]}
{[%emt 00:03:44]} Nxd5 {[%clk 00:36:03]} {[%emt 00:00:46]} 21. Rcd1 {[%clk
00:10:32]} {[%emt 00:01:43]} Qa8 {[%clk 00:33:13]} {[%emt 00:02:56]} 22. Nc4
{[%clk 00:03:45]} {[%emt 00:06:52]} Bb4 {[%clk 00:30:57]} {[%emt 00:02:20]} 23.
Nxb6 {[%clk 00:03:01]} {[%emt 00:00:50]} Nxb6 {[%clk 00:29:10]} {[%emt
00:01:52]} 24. Bxb7 {[%clk 00:02:12]} {[%emt 00:00:54]} Qxb7 {[%clk 00:25:30]}
{[%emt 00:03:46]} 25. Rxd8 {[%clk 00:02:08]} {[%emt 00:00:08]} Rxd8 {[%clk
00:25:23]} {[%emt 00:00:13]} 26. Rxd8 {[%clk 00:02:09]} {[%emt 00:00:03]} Kf8
{[%clk 00:24:44]} {[%emt 00:00:44]} 27. Rd1 {[%clk 00:01:45]} {[%emt 00:00:29]}
Nd5 {[%clk 00:24:38]} {[%emt 00:00:10]} 28. Qd3 {[%clk 00:01:43]} {[%emt
00:00:07]} Nef6 {[%clk 00:24:01]} {[%emt 00:00:42]} 29. Nc3 {[%clk 00:01:31]}
{[%emt 00:00:17]} Qc6 {[%clk 00:22:44]} {[%emt 00:01:23]} 30. Nxd5 {[%clk
00:01:24]} {[%emt 00:00:13]} Nxd5 {[%clk 00:22:35]} {[%emt 00:00:13]} 31. Qxh7
{[%clk 00:01:21]} {[%emt 00:00:07]} Ke7 {[%clk 00:22:22]} {[%emt 00:00:19]} 32.
Qxg7 {[%clk 00:01:11]} {[%emt 00:00:15]} Qc2 {[%clk 00:22:19]} {[%emt
00:00:08]} 33. Qd4 {[%clk 00:01:11]} {[%emt 00:00:04]} Bc5 {[%clk 00:21:34]}
{[%emt 00:00:52]} 34. Qd2 {[%clk 00:01:10]} {[%emt 00:00:04]} Qe4 {[%clk
00:21:31]} {[%emt 00:00:09]} 35. Bd4 {[%clk 00:01:08]} {[%emt 00:00:06]} Bb4
{[%clk 00:21:08]} {[%emt 00:00:29]} 36. Qd3 {[%clk 00:01:11]} {[%emt 00:00:02]}
Qf3 {[%clk 00:21:04]} {[%emt 00:00:09]} 37. Rc1 {[%clk 00:01:08]} {[%emt
00:00:07]} Ba3 {[%clk 00:20:53]} {[%emt 00:00:17]} 38. Bc5+ {[%clk 00:01:08]}
{[%emt 00:00:04]} Bxc5 {[%clk 00:20:23]} {[%emt 00:00:35]} 39. Rxc5 {[%clk
00:01:12]} {[%emt 00:00:02]} Qf6 {[%clk 00:19:22]} {[%emt 00:01:06]} 40. Rc1
{[%clk 00:01:10]} {[%emt 00:00:07]} Qb2 {[%clk 00:19:18]} {[%emt 00:00:07]} 41.
Qb1 {[%clk 00:01:07]} {[%emt 00:00:10]} Qd2 {[%clk 00:18:20]} {[%emt 00:01:01]}
42. Qc2 {[%clk 00:01:06]} {[%emt 00:00:07]} Qa5 {[%clk 00:18:05]} {[%emt
00:00:20]} 43. Qc5+ {[%clk 00:01:07]} {[%emt 00:00:05]} Qxc5 {[%clk 00:17:50]}
{[%emt 00:00:19]} 44. Rxc5 {[%clk 00:01:11]} {[%emt 00:00:02]} Nb4 {[%clk
00:17:42]} {[%emt 00:00:14]} 45. Rc7+ {[%clk 00:01:12]} {[%emt 00:00:04]} Kf6
{[%clk 00:17:35]} {[%emt 00:00:11]} 46. Ra7 {[%clk 00:01:13]} {[%emt 00:00:04]}
Nxa2 {[%clk 00:17:35]} {[%emt 00:00:05]} 47. Rxa6 {[%clk 00:01:17]} {[%emt
00:00:02]} Nc1 {[%clk 00:17:24]} {[%emt 00:00:15]} 48. b4 {[%clk 00:01:19]}
{[%emt 00:00:03]} Nd3 {[%clk 00:17:24]} {[%emt 00:00:05]} 49. b5 {[%clk
00:01:22]} {[%emt 00:00:02]} Nb4 {[%clk 00:17:20]} {[%emt 00:00:09]} 50. Ra8
{[%clk 00:01:24]} {[%emt 00:00:03]} Nd5 {[%clk 00:17:14]} {[%emt 00:00:10]} 51.
h4 {[%clk 00:01:26]} {[%emt 00:00:04]} Kg6 {[%clk 00:17:14]} {[%emt 00:00:05]}
52. Kg2 {[%clk 00:01:27]} {[%emt 00:00:04]} Nc7 {[%clk 00:16:49]} {[%emt
00:00:29]} 53. Rb8 {[%clk 00:01:14]} {[%emt 00:00:19]} e5 {[%clk 00:16:38]}
{[%emt 00:00:16]} 54. b6 {[%clk 00:01:17]} {[%emt 00:00:02]} Na6 {[%clk
00:16:37]} {[%emt 00:00:06]} 55. Ra8 {[%clk 00:01:15]} {[%emt 00:00:07]} Nc5
{[%clk 00:16:33]} {[%emt 00:00:07]} 56. Ra7 {[%clk 00:01:13]} {[%emt 00:00:09]}
f5 {[%clk 00:16:06]} {[%emt 00:00:33]} 57. b7 {[%clk 00:01:16]} {[%emt
00:00:01]} Nd7 {[%clk 00:16:01]} {[%emt 00:00:10]} 58. Ra8 {[%clk 00:01:13]}
{[%emt 00:00:08]} f4 {[%clk 00:15:46]} {[%emt 00:00:20]} 59. b8=Q {[%clk
00:01:12]} {[%emt 00:00:05]} Nxb8 {[%clk 00:15:45]} {[%emt 00:00:06]} 60. Rxb8
{[%clk 00:01:16]} {[%emt 00:00:03]} fxe3 {[%clk 00:14:36]} {[%emt 00:01:14]}
61. fxe3 {[%clk 00:01:19]} {[%emt 00:00:01]} e4 {[%clk 00:14:34]} {[%emt
00:00:07]} 62. Rb5 {[%clk 00:01:17]} {[%emt 00:00:06]} Kh7 {[%clk 00:14:32]}
{[%emt 00:00:08]} 63. Rb6 {[%clk 00:01:11]} {[%emt 00:00:11]} Kg7 {[%clk
00:14:11]} {[%emt 00:00:26]} 64. h5 {[%clk 00:01:13]} {[%emt 00:00:02]} Kh7
{[%clk 00:13:51]} {[%emt 00:00:51]} 65. g4 {[%clk 00:03:17]} {[%emt 00:00:02]}
Kg7 {[%clk 00:13:47]} {[%emt 00:00:09]} 66. g5 {[%clk 00:03:19]} {[%emt
00:00:03]} Kh7 {[%clk 00:13:42]} {[%emt 00:00:10]} 67. Rb7+ {[%clk 00:03:21]}
{[%emt 00:00:02]} Kh8 {[%clk 00:13:39]} {[%emt 00:00:09]} 68. h6 {[%clk
00:03:23]} {[%emt 00:00:04]} Kg8 {[%clk 00:13:37]} {[%emt 00:00:06]} 69. g6
{[%clk 00:03:25]} {[%emt 00:00:02]} Kh8 {[%clk 00:13:35]} {[%emt 00:00:08]} 70.
Rb8# {[%emt 00:00:01]} 1-0